000 00934nam a2200253 i 4500
001 104476
003 ES-MaACL
005 20240416184050.0
007 t|
008 051130s1917 sp ||||1| spa d
080 _a929 Miller, William
080 _a94(85)"1820/29"(093.3)
100 1 _aMiller, John.
_981220
245 1 0 _aMemorias del general Miller al servicio de la República del Perú /
_cescritas en inglés por Mr. John Miller y traducidas al castellano por el general Torrijos.
260 _aMadrid :
_bEditorial América,
_c1917.
300 _a2 v. ;
_c23 cm.
490 1 _aBiblioteca Ayacucho ;
_v26-27
600 1 4 _aMiller, William.
_981234
651 4 _aPerú-
_xHistoria-
_y1820-1829, Guerra de la Independencia.
_9155154
700 1 _aTorrijos, José María de,
_d1791-1831
_9172883
830 1 _aBiblioteca Ayacucho ;
_v26-27
_9177888
852 _aES-MaACL
_jG-4980-81
999 _c104476
_d104476